| 000 | 00820nam a22002177a 4500 | ||
|---|---|---|---|
| 999 |
_c18788 _d18788 |
||
| 003 | AR-CdUCM | ||
| 008 | 190515b ||||| |||| 00| 0 spa d | ||
| 040 |
_aMUNICIPALIDAD PROVINCIAL DEL CUSCO _cBIBLIOTECA MUNICIPAL DEL CUSCO |
||
| 082 |
_a609 / _bM79 |
||
| 100 |
_aMorison, Elting E. _939590 |
||
| 245 | _aDel método empírico a la tecnología avanzada / | ||
| 260 |
_aBuenos Aires : _bLas paralelas, _c1976. |
||
| 300 |
_a203 páginas ; _c21 cm. |
||
| 505 | _aContenido : El método empírico -- A modo de introducción -- Actividad creadora en los comienzos de Estados Unidos -- Las obras de John B. Jervis ... | ||
| 650 |
_aMétodo _91191 |
||
| 650 |
_aEmpírico _939591 |
||
| 650 |
_aTecnología _91571 |
||
| 700 |
_a)Barbera, Manuel (Traducción) _927355 |
||
| 942 |
_2ddc _cLIBROS |
||
| 945 |
_arah _d2019/05/15 |
||